| 000 | 00389nam a2200145Ia 4500 | ||
|---|---|---|---|
| 008 | 220612s9999 xx 000 0 und d | ||
| 020 | _a978-81-7233-810-7 | ||
| 082 | _bRAJ | ||
| 100 | _aRAJ, ANTONY JOSEPH AND LAL, S.B. | ||
| 245 | 0 | _aFORESTRY PRINCIPLES AND APPLICATIONS | |
| 260 |
_bSCIENTIFIC PUBLICATION (INDIA), JODHPUR _c2013 |
||
| 300 | _a805 | ||
| 650 | _aAgriculture | ||
| 942 | _cBK | ||
| 999 |
_c256 _d256 |
||